[Event "Ruhrgebiet Verbandsliga Gruppe 1 1415"]
[Site "Germany"]
[Date "2015.04.26"]
[Round "9.6"]
[White "Kowalczyk, Frank"]
[Black "Riesenbeck, Juergen"]
[Result "0-1"]
[WhiteElo "1757"]
[BlackElo "1895"]
[PlyCount "42"]
[EventDate "2014.09.21"]
[EventType "team-tourn"]
[EventRounds "9"]
[EventCountry "GER"]
[SourceTitle "EXT 2022"]
[Source "ChessBase"]
[SourceDate "2021.10.06"]
[SourceVersion "1"]
[SourceVersionDate "2021.10.06"]
[SourceQuality "1"]
[WhiteTeam "Herne Sodingen II"]
[BlackTeam "Katernberg SF III"]
[WhiteTeamCountry "GER"]
[BlackTeamCountry "GER"]

1. e4 e6 2. d4 d5 3. Nc3 Nf6 4. e5 Nfd7 5. f4 c5 6. Nf3 Nc6 7. Be3 a6 8. Qd2 b5 9. dxc5 Bxc5 10. Bxc5 Nxc5 11. a3 Bb7 12. Nd4 Qb6 13. b4 Ne4 14. Nxe4 dxe4 15. 0-0-0 0-0 16. Nb3 a5 17. Nxa5 Nxa5 18. bxa5 Rxa5 19. Kb2 Rfa8 20. Ra1 b4 21. Qxb4 Qxb4+ 0-1

[Event "Ruhrgebiet Verbandsliga Gruppe 1 1415"]
[Site "Germany"]
[Date "2015.03.01"]
[Round "7.6"]
[White "Kowalczyk, Frank"]
[Black "Schmitz, Juergen"]
[Result "1-0"]
[WhiteElo "1758"]
[BlackElo "1878"]
[PlyCount "43"]
[EventDate "2014.09.21"]
[EventType "team-tourn"]
[EventRounds "9"]
[EventCountry "GER"]
[SourceTitle "EXT 2022"]
[Source "ChessBase"]
[SourceDate "2021.10.06"]
[SourceVersion "1"]
[SourceVersionDate "2021.10.06"]
[SourceQuality "1"]
[WhiteTeam "Herne Sodingen II"]
[BlackTeam "Steele/Kray Rochade"]
[WhiteTeamCountry "GER"]
[BlackTeamCountry "GER"]

1. e4 Nf6 2. Nc3 d5 3. exd5 Nxd5 4. d4 g6 5. Bc4 Be6 6. Nxd5 Bxd5 7. Bxd5 Qxd5 8. Nf3 Bg7 9. 0-0 0-0 10. Re1 Nc6 11. c3 e6 12. Bf4 Qd7 13. Qe2 h6 14. Ne5 Nxe5 15. Bxe5 a5 16. Bxg7 Kxg7 17. Qe5+ Kh7 18. Re3 a4 19. Rae1 b6 20. Rh3 Ra5 21. Qf4 g5 22. Qf6 1-0

[Event "Ruhrgebiet Regionalliga 1314"]
[Site "Ruhrgebiet"]
[Date "2014.03.23"]
[Round "8.6"]
[White "Kowalczyk, Frank"]
[Black "Koehn, Peter"]
[Result "0-1"]
[WhiteElo "1789"]
[BlackElo "2199"]
[PlyCount "44"]
[EventDate "2013.09.22"]
[EventType "team-tourn"]
[EventRounds "9"]
[EventCountry "GER"]
[SourceTitle "EXT 2024"]
[Source "ChessBase"]
[SourceDate "2023.10.10"]
[SourceVersion "1"]
[SourceVersionDate "2023.10.10"]
[SourceQuality "1"]
[WhiteTeam "Herne Sodingen II"]
[BlackTeam "Wattenscheid III"]
[WhiteTeamCountry "GER"]
[BlackTeamCountry "GER"]

1. e4 g6 2. d4 Bg7 3. Nc3 d6 4. Be3 a6 5. Qd2 b5 6. a3 Nd7 7. Rd1 Bb7 8. f3 Rc8 9. Nh3 Ngf6 10. Nf2 0-0 11. Be2 Re8 12. g4 c5 13. h4 cxd4 14. Bxd4 Ne5 15. g5 Nh5 16. Rg1 Nc4 17. Bxc4 Rxc4 18. Bxg7 Kxg7 19. Kf1 Qc7 20. Ng4 d5 21. Nxd5 Bxd5 22. Qxd5 Rxc2 0-1

[Event "Ruhrgebiet Regionalliga 1314"]
[Site "Ruhrgebiet"]
[Date "2013.09.22"]
[Round "1.7"]
[White "Niekrens, Stefan"]
[Black "Kowalczyk, Frank"]
[Result "1-0"]
[WhiteElo "1985"]
[BlackElo "1789"]
[PlyCount "127"]
[EventDate "2013.09.22"]
[EventType "team-tourn"]
[EventRounds "9"]
[EventCountry "GER"]
[SourceTitle "EXT 2024"]
[Source "ChessBase"]
[SourceDate "2023.10.10"]
[SourceVersion "1"]
[SourceVersionDate "2023.10.10"]
[SourceQuality "1"]
[WhiteTeam "Bochum II"]
[BlackTeam "Herne Sodingen II"]
[WhiteTeamCountry "GER"]
[BlackTeamCountry "GER"]

1. e4 e5 2. Nf3 Nc6 3. Nc3 Nf6 4. d4 exd4 5. Nxd4 d6 6. Bb5 Bd7 7. 0-0 Be7 8. b3 0-0 9. Bb2 Nxd4 10. Qxd4 Bxb5 11. Nxb5 a6 12. Nc3 c6 13. Rad1 Qc7 14. Ne2 Ne8 15. c4 Bf6 16. Qd2 Bxb2 17. Qxb2 Qe7 18. Ng3 g6 19. Rd3 Nf6 20. f3 Rfd8 21. Rfd1 Rd7 22. Qd2 Rad8 23. Qg5 Kh8 24. Qd2 Kg8 25. Qg5 Kh8 26. Qe3 Kg7 27. h3 Ne8 28. Nf1 h5 29. Qd4+ Nf6 30. Ne3 Qe5 31. Kf2 Kf8 32. Nf1 Ke7 33. Qe3 g5 34. Ng3 g4 35. f4 Qa5 36. Nf5+ Ke6 37. Nd4+ Ke7 38. Nf5+ Ke6 39. Nxd6 Rxd6 40. Rxd6+ Rxd6 41. Rxd6+ Kxd6 42. e5+ Ke6 43. exf6+ Kxf6 44. hxg4 hxg4 45. Qd4+ Ke6 46. a4 f5 47. c5 Qc7 48. Kg3 Qb8 49. b4 Qc7 50. a5 Qb8 51. Qg7 Qc8 52. Qe5+ Kf7 53. Kh4 g3 54. Kxg3 Qg8+ 55. Kf2 Qg4 56. g3 Qh3 57. Qc7+ Ke6 58. Qc8+ Kd5 59. Qd8+ Kc4 60. Qh4 Qg4 61. Qxg4 fxg4 62. Ke3 Kd5 63. Kd3 Ke6 64. Ke4 1-0

[Event "Ruhrgebiet VK3 0910"]
[Site "Ruhrgebiet"]
[Date "2010.04.18"]
[Round "9.8"]
[White "Kowalczyk, Frank"]
[Black "Pfromm, Fabian"]
[Result "1/2-1/2"]
[WhiteElo "1740"]
[BlackElo "1274"]
[PlyCount "47"]
[EventDate "2009.09.06"]
[EventType "team"]
[EventRounds "9"]
[EventCountry "GER"]
[SourceTitle "EXT 2011"]
[Source "ChessBase"]
[SourceDate "2010.11.26"]
[SourceVersion "1"]
[SourceVersionDate "2010.11.26"]
[SourceQuality "1"]
[WhiteTeam "Herne Sodingen II"]
[BlackTeam "Gelsenkirchen"]
[WhiteTeamCountry "GER"]
[BlackTeamCountry "GER"]

1. e4 e5 2. Nf3 Nc6 3. Bc4 Nf6 4. d3 Bc5 5. 0-0 0-0 6. Nc3 d6 7. h3 h6 8. a3 a5 9. Qe2 Nd4 10. Nxd4 Bxd4 11. Nd5 c6 12. Nxf6+ Qxf6 13. a4 Qh4 14. c3 Bc5 15. Be3 Bxe3 16. Qxe3 g5 17. Kh2 Kh7 18. Qg3 Qf4 19. Qxf4 exf4 20. g4 Be6 21. Bxe6 fxe6 22. f3 e5 23. Kg2 c5 24. c4 1/2-1/2

[Event "NRW Class1 0607"]
[Site "Germany"]
[Date "2007.03.18"]
[Round "7.8"]
[White "Kowalczyk, Frank"]
[Black "Boehmfeldt, Rolf"]
[Result "0-1"]
[WhiteElo "1813"]
[BlackElo "1972"]
[PlyCount "102"]
[EventDate "2006.09.17"]
[EventType "tourn"]
[EventRounds "9"]
[EventCountry "GER"]
[SourceTitle "EXT 2008"]
[Source "ChessBase"]
[SourceDate "2007.11.25"]
[SourceVersion "1"]
[SourceVersionDate "2007.11.25"]
[SourceQuality "1"]
[WhiteTeam "Sodingen"]
[BlackTeam "Gelsenkirchen"]
[WhiteTeamCountry "GER"]
[BlackTeamCountry "GER"]

1. e4 g6 2. d4 Bg7 3. Nc3 c5 4. Nf3 cxd4 5. Nxd4 Nc6 6. Be3 d6 7. Qd2 Bd7 8. f3 a6 9. Bc4 Rc8 10. Bb3 Ne5 11. 0-0 Nc4 12. Bxc4 Rxc4 13. Nce2 h5 14. b3 Rc8 15. c4 Nf6 16. Rac1 Bc6 17. Nc3 Qa5 18. Rfd1 Nd7 19. Nde2 Ne5 20. Bd4 Bh6 21. Be3 Bg7 22. h3 f6 23. Nd4 Bd7 24. Qf2 g5 25. Nf5 Bxf5 26. exf5 g4 27. f4 Nd7 28. Rd5 b5 29. Ne4 Qa3 30. Rcd1 bxc4 31. Rxd6 exd6 32. Nxd6+ Ke7 33. Nxc8+ Rxc8 34. Qc2 Nb8 35. Qe4+ Kf8 36. Qb7 Re8 37. Ba7 Qe7 38. Qxe7+ Kxe7 39. Re1+ Kd7 40. Rxe8 Kxe8 41. bxc4 Nc6 42. Be3 Ne7 43. hxg4 hxg4 44. Kf2 Nxf5 45. Bb6 Kd7 46. a4 Kc6 47. a5 Bf8 48. Ke2 Bc5 49. Bd8 Nd4+ 50. Kd3 f5 51. Kd2 Ne6 0-1

[Event "Ruhrgebiet VK3 0405"]
[Site "Ruhrgebiet"]
[Date "2004.11.07"]
[Round "3.4"]
[White "Gierse, Heinz Dieter"]
[Black "Kowalczyk, Frank"]
[Result "1-0"]
[WhiteElo "1888"]
[BlackElo "1762"]
[PlyCount "85"]
[EventDate "2004.09.12"]
[EventType "team-tourn"]
[EventRounds "9"]
[EventCountry "GER"]
[SourceTitle "EXT 2006"]
[Source "ChessBase"]
[SourceDate "2005.11.24"]
[SourceVersion "1"]
[SourceVersionDate "2005.11.24"]
[SourceQuality "1"]
[WhiteTeam "Bottrop"]
[BlackTeam "Herne Sodingen II"]
[WhiteTeamCountry "GER"]
[BlackTeamCountry "GER"]

1. Nf3 Nf6 2. g3 g6 3. Bg2 Bg7 4. 0-0 0-0 5. d3 d5 6. Nbd2 c6 7. e4 Bg4 8. h3 Bxf3 9. Qxf3 dxe4 10. dxe4 e5 11. Rd1 Nbd7 12. Nc4 Qc7 13. b3 Nb6 14. Ba3 c5 15. Ne3 Rfd8 16. c4 Rd4 17. Nd5 Nbxd5 18. exd5 Rxd1+ 19. Rxd1 Ne8 20. Qe3 Rc8 21. Bb2 Rd8 22. Re1 Qa5 23. Bxe5 Bxe5 24. Qxe5 Nd6 25. Re2 Re8 26. Qb2 Rxe2 27. Qxe2 Qd8 28. Qe3 b6 29. g4 Qf6 30. Bf1 Qd8 31. Qe5 Qd7 32. Kg2 Qd8 33. Bd3 Qd7 34. Qf6 Ne8 35. Qe5 f6 36. Qe3 Nd6 37. a3 a5 38. b4 axb4 39. axb4 cxb4 40. Qxb6 Nf7 41. Qxb4 Ne5 42. Be2 f5 43. Qb8+ 1-0

[Event "Ruhrgebiet Regionalliga 0405"]
[Site "Ruhrgebiet"]
[Date "2004.09.19"]
[Round "1.8"]
[White "Neumann, Markus"]
[Black "Kowalczyk, Frank"]
[Result "1/2-1/2"]
[WhiteElo "1906"]
[BlackElo "1762"]
[PlyCount "83"]
[EventDate "2004.09.19"]
[EventType "team-tourn"]
[EventRounds "9"]
[EventCountry "GER"]
[SourceTitle "EXT 2006"]
[Source "ChessBase"]
[SourceDate "2005.11.24"]
[SourceVersion "1"]
[SourceVersionDate "2005.11.24"]
[SourceQuality "1"]
[WhiteTeam "Erkenschwick"]
[BlackTeam "Herne Sodingen"]
[WhiteTeamCountry "GER"]
[BlackTeamCountry "GER"]

1. d4 Nf6 2. c4 e6 3. Nf3 d5 4. g3 Be7 5. Bg2 0-0 6. 0-0 c6 7. Qc2 Nbd7 8. Nbd2 b6 9. e4 dxe4 10. Nxe4 Bb7 11. Nxf6+ Bxf6 12. c5 bxc5 13. dxc5 Qa5 14. b4 Qd8 15. Rb1 a6 16. Rd1 Qc8 17. Nd2 Be7 18. Nc4 Ra7 19. Nd6 Bxd6 20. Rxd6 Nf6 21. Rb3 Rd8 22. Rbd3 Rxd6 23. Rxd6 Ba8 24. Bg5 Nd7 25. Qe4 h6 26. Bd2 Nf6 27. Qe5 Ne8 28. Bc3 Rd7 29. Bd4 Rxd6 30. cxd6 Qd7 31. Bc5 Nf6 32. Bf1 Bb7 33. Bd3 Ne8 34. f4 Bc8 35. g4 f6 36. Qe4 f5 37. gxf5 exf5 38. Bc4+ Kh7 39. Qe5 Nf6 40. Kg2 Nd5 41. Bxd5 cxd5 42. Bd4 1/2-1/2

[Event "Ruhrgebiet VK3 0405"]
[Site "Ruhrgebiet"]
[Date "2004.09.12"]
[Round "1.4"]
[White "Losch, Heinz Juergen"]
[Black "Kowalczyk, Frank"]
[Result "1/2-1/2"]
[WhiteElo "1870"]
[BlackElo "1762"]
[PlyCount "75"]
[EventDate "2004.09.12"]
[EventType "team-tourn"]
[EventRounds "9"]
[EventCountry "GER"]
[SourceTitle "EXT 2006"]
[Source "ChessBase"]
[SourceDate "2005.11.24"]
[SourceVersion "1"]
[SourceVersionDate "2005.11.24"]
[SourceQuality "1"]
[WhiteTeam "Katernberg III"]
[BlackTeam "Herne Sodingen II"]
[WhiteTeamCountry "GER"]
[BlackTeamCountry "GER"]

1. e4 e5 2. Nf3 Nc6 3. Bb5 a6 4. Ba4 Nf6 5. 0-0 Be7 6. Re1 b5 7. Bb3 d6 8. c3 Na5 9. Bc2 c5 10. a4 Bb7 11. d4 Qc7 12. Nbd2 cxd4 13. cxd4 0-0 14. Bd3 Bc6 15. b4 Nb7 16. Bb2 Bd7 17. Rc1 Qd8 18. axb5 axb5 19. Qb3 Be6 20. d5 Bd7 21. Ra1 Qb6 22. h3 Nh5 23. Bf1 Nf4 24. Qe3 Qxe3 25. fxe3 Nh5 26. Kh2 h6 27. Rec1 Rxa1 28. Rxa1 Rb8 29. Bd3 Nf6 30. g3 Bd8 31. Ra6 Ne8 32. Kg2 Nc7 33. Ra2 Na8 34. g4 Nb6 35. Bc1 Rc8 36. Rc2 Ra8 37. Nb3 Na4 38. Bd2 1/2-1/2

[Event "Ruhrgebiet VL2 0001"]
[Site "Ruhrgebiet"]
[Date "2001.04.22"]
[Round "8"]
[White "Kowalczyk, Frank"]
[Black "Mustafic, Mustafa"]
[Result "1-0"]
[WhiteElo "1800"]
[BlackElo "1815"]
[PlyCount "81"]
[EventDate "2000.09.17"]
[EventType "team-tourn"]
[EventRounds "9"]
[EventCountry "GER"]
[SourceTitle "EXT 2023"]
[Source "ChessBase"]
[SourceDate "2022.10.05"]
[SourceVersion "1"]
[SourceVersionDate "2022.10.05"]
[SourceQuality "1"]
[WhiteTeam "Herne Sodingen"]
[BlackTeam "Hamm SV"]
[WhiteTeamCountry "GER"]
[BlackTeamCountry "GER"]

1. e4 c6 2. d4 d5 3. Nc3 e6 4. e5 Bb4 5. Bd2 Bxc3 6. Bxc3 Ne7 7. Qg4 g6 8. Nf3 b6 9. Bd2 h6 10. Bd3 Ba6 11. Bxa6 Nxa6 12. 0-0 Kd7 13. Qf4 Nf5 14. Bc3 Qe7 15. a3 Rag8 16. Rfd1 g5 17. Qd2 g4 18. Ne1 Qg5 19. Qd3 Nb8 20. Bd2 Qg6 21. c4 h5 22. cxd5 exd5 23. b4 Nh4 24. Qg3 Nf5 25. Qd3 Ne7 26. Qe2 Nf5 27. Qd3 Ne7 28. Qe2 h4 29. Nd3 Qf5 30. Nf4 Ng6 31. Nxg6 Rxg6 32. a4 Re8 33. b5 Rc8 34. a5 c5 35. axb6 axb6 36. Ra7+ Kd8 37. dxc5 Rxc5 38. Bb4 Rc7 39. Rxd5+ Rd7 40. Raxd7+ Nxd7 41. Qa2 1-0

[Event "Ruhrgebiet VL2 0001"]
[Site "Ruhrgebiet"]
[Date "2001.02.18"]
[Round "6"]
[White "Pelz, Alexander"]
[Black "Kowalczyk, Frank"]
[Result "1/2-1/2"]
[WhiteElo "1757"]
[BlackElo "1800"]
[PlyCount "91"]
[EventDate "2000.09.17"]
[EventType "team-tourn"]
[EventRounds "9"]
[EventCountry "GER"]
[SourceTitle "EXT 2023"]
[Source "ChessBase"]
[SourceDate "2022.10.05"]
[SourceVersion "1"]
[SourceVersionDate "2022.10.05"]
[SourceQuality "1"]
[WhiteTeam "Berghofen Wambel"]
[BlackTeam "Herne Sodingen"]
[WhiteTeamCountry "GER"]
[BlackTeamCountry "GER"]

1. b3 e5 2. Bb2 Nc6 3. e3 Nf6 4. Bb5 d6 5. Ne2 Bd7 6. 0-0 g6 7. d4 exd4 8. Nxd4 Ne5 9. Bxd7+ Nexd7 10. c4 Bg7 11. Nd2 0-0 12. Qc2 Re8 13. N2f3 Ne4 14. Rfe1 a6 15. Nd2 Nxd2 16. Qxd2 Ne5 17. e4 h5 18. f4 Nd7 19. Nf3 Re7 20. Bxg7 Kxg7 21. Qd4+ Kg8 22. Rad1 Qf8 23. f5 Ne5 24. Nxe5 Rxe5 25. Rd3 Qe7 26. fxg6 fxg6 27. Rg3 Kh7 28. Rf3 Rf8 29. Rxf8 Qxf8 30. Rf1 Qe7 31. Re1 Qh4 32. Qf2 Qxf2+ 33. Kxf2 g5 34. Ke3 a5 35. Rf1 Kg6 36. Rf8 b6 37. h3 h4 38. a3 b5 39. Rc8 bxc4 40. bxc4 Rc5 41. Kd4 Kf6 42. a4 Ke6 43. Re8+ Kf6 44. Rb8 c6 45. Rc8 Ke7 46. Rc7+ 1/2-1/2

[Event "Ruhrgebiet VL 0001 playoff"]
[Site "Ruhrgebiet"]
[Date "2001.??.??"]
[Round "?"]
[White "Crell, Andreas"]
[Black "Kowalczyk, Frank"]
[Result "1/2-1/2"]
[WhiteElo "1953"]
[BlackElo "1804"]
[PlyCount "30"]
[EventDate "2001.??.??"]
[EventType "team-match"]
[EventRounds "1"]
[EventCountry "GER"]
[SourceTitle "EXT 2024"]
[Source "ChessBase"]
[SourceDate "2023.10.10"]
[SourceVersion "1"]
[SourceVersionDate "2023.10.10"]
[SourceQuality "1"]
[WhiteTeam "Welper SV"]
[BlackTeam "Herne Sodingen"]
[WhiteTeamCountry "GER"]
[BlackTeamCountry "GER"]

1. e4 e5 2. Nf3 Nc6 3. Bc4 Bc5 4. c3 Nf6 5. d4 exd4 6. cxd4 Bb4+ 7. Nc3 Nxe4 8. 0-0 Bxc3 9. d5 Bf6 10. Re1 Ne7 11. Rxe4 d6 12. Bg5 Bxg5 13. Nxg5 h6 14. Qe2 hxg5 15. Re1 Be6 1/2-1/2